Statistics for Станции киевского метро

Click here to take the quiz!

General Stats

  • This quiz has been taken 186 times
  • The average score is 20 of 52

Answer Stats

Святошинско-Броварская Линия% Correct
Оболонь
70%
Теремки
67%
Крещатик
66%
Арсенальная
61%
Святошин
59%
Вокзальная
55%
Золотые ворота
55%
Академгородок
52%
Лесная
52%
Сырец
52%
Гидропарк
50%
Днепр
49%
Университет
49%
Печерская
47%
Героев Днепра
45%
Харьковская
43%
Дарница
42%
Минская
41%
Нивки
41%
Контрактовая площадь
40%
Майдан Незалежности
39%
Осокорки
37%
Житомирская
37%
Позняки
36%
Площадь Льва Толстого
36%
Черниговская
36%
Берестейская
36%
Театральная
36%
Левобережная
36%
Почтовая площадь
35%
Шулявская
35%
Олимпийская
33%
Дворец спорта
31%
Красный Хутор
31%
Голосеевская
31%
Политехнический институт
30%
Васильковская
30%
Выставочный центр
26%
Бориспольская
26%
Дворец Украина
26%
Выдубичи
26%
Ипподром
25%
Кловская
25%
Дорогожичи
24%
Славутич
24%
Лыбедская
22%
Лукьяновская
22%
Дружбы народов
21%
Почайная
20%
Демиевская
17%
Вырлица
17%
Тараса Шевченко
17%

Score Distribution

Percentile by Number Answered

Percent of People with Each Score

Your Score History

You have not taken this quiz